| 000 | 01189cam a2200361 a 4500 | ||
|---|---|---|---|
| 001 | 3054005 | ||
| 003 | OSt | ||
| 005 | 20140310184518.0 | ||
| 008 | 961127s1997 nyu c 000 1 eng | ||
| 010 | _a 96037897 | ||
| 020 | _a0060249137 | ||
| 020 | _a0060249145 (lib. bdg.) | ||
| 040 |
_aDLC _cDLC _dDLC |
||
| 042 | _alcac | ||
| 050 | 0 | 0 |
_aPZ 7 _b.Sp75663 1998 |
| 100 | 1 |
_aSpinelli, Jerry. _95159 |
|
| 245 | 1 | 0 |
_aWringer / _cJerry Spinelli. |
| 250 | _a1st ed. | ||
| 260 |
_aNew York : _bHarperCollins, _c1998. |
||
| 300 |
_a228 p. : _c20 cm. |
||
| 521 | _aG4 | ||
| 526 | _c690 | ||
| 586 | _aNewbery Medal Honor Book, 1998. | ||
| 650 | 1 |
_aCourage _xFiction. _929621 |
|
| 650 | 1 |
_aViolence _xFiction. _929622 |
|
| 650 | 1 |
_aPigeons _xFiction. _929623 |
|
| 856 | 4 | 2 |
_3Publisher description _uhttp://www.loc.gov/catdir/description/hc041/96037897.html |
| 856 | 4 | 2 |
_3Contributor biographical information _uhttp://www.loc.gov/catdir/enhancements/fy0910/96037897-b.html |
| 906 |
_a7 _bcbc _corignew _d1 _eocip _f19 _gy-gencatlg |
||
| 942 |
_2lcc _cBK-SCHOLAS |
||
| 999 |
_c34987 _d34987 |
||